000 01170nam0a2200337 4500
001 RU\NLR\bibl\743559
005 20250614003850.0
010 _a5-94038-065-4
_bв обл.
_92000
021 _aRU
_b2004-71084
_93508
035 _aRSL-KNO-002500986
035 _a(NLR Aleph) 000733415
090 _a777019
_c777019
100 _a20041117d2004 |||y0rusy50 ca
101 0 _arus
102 _aRU
105 _aa |||||||||
106 _ar
200 1 _aФронтовой истребитель МиГ-29
_fС. Мороз
210 _aМ.
_cЭкспринт
_d2004
_gООО Антей-Принт
215 _a47 с.
_cил., табл.
_d24
225 1 _aСерия "Экспринт: Авиационный фонд"
606 1 _aРеактивные истребители МиГ-29
_92371856
_3RU\NLR\auth\661415691
606 1 _aМиГ-29, реактивные истребители
_92371859
_3RU\NLR\auth\661415692
686 _aЦ651.111.1
700 1 _aМороз
_bС.
_gСергей
_4070
801 0 _aRU
_bRuMoRKP
_c20041117
_grcr
801 1 _aRU
_bRuMoRGB
_c20041117
801 2 _aRU
_bNLR
_c20050404
_gPSBO
942 _cBOOK
980 _aNB